Manual of nutrition and detection/ (Record no. 152984)

MARC details
000 -LEADER
fixed length control field 00661nam a22001937a 4500
005 - DATE AND TIME OF LATEST TRANSACTION
control field 20180622150408.0
010 ## - LCCN (DPL NO)
LC control number B-128352
020 ## - INTERNATIONAL STANDARD BOOK NUMBER
International Standard Book Number 8186361715
Terms of availability 70.00
035 ## - SYSTEM CONTROL NUMBER
System control number B-128352
037 ## - SOURCE OF ACQUISITION
Stock number dpl
Source of stock number/acquisition Vora Medical Publication
082 ## - DEWEY DECIMAL CLASSIFICATION NUMBER
Classification number 641
Item number RAO
100 ## - MAIN ENTRY--PERSONAL NAME
Personal name Rao, Rachel
245 ## - TITLE STATEMENT
Title Manual of nutrition and detection/
Statement of responsibility, etc by Rachel Rao
260 ## - PUBLICATION, DISTRIBUTION, ETC. (IMPRINT)
Place of publication, distribution, etc Mumbai
Name of publisher, distributor, etc Vora Medical Publication
Date of publication, distribution, etc 2004
270 ## - ADDRESS
Address 6, Princess building, E.R. Road
City Mumbai
Postal code 400003
300 ## - PHYSICAL DESCRIPTION
Extent 148p.
Dimensions 21cm(Pb)
942 ## - ADDED ENTRY ELEMENTS (KOHA)
Source of classification or shelving scheme Dewey Decimal Classification
Item type English Books
Classification part 641
Call number suffix RAO
Holdings
Withdrawn status Lost status Not for loan Collection code Home library Current library Date acquired Full call number Barcode Koha item type
      Non-fiction Sarojini Nagar Sarojini Nagar 22/06/2018 641 RAO B-128352 English Books

© Delhi Public Library
Hit Counter
free hit counter